| 000 | 00366 a2200157 4500 | ||
|---|---|---|---|
| 001 | 72296 | ||
| 020 | _a9788598553207 | ||
| 040 | _cAnchieta - Colégio São Paulo | ||
| 100 | _aCedraz, Antônio Luiz Ramos | ||
| 240 | 1 | 0 |
_aDomingo no parque _lpor |
| 245 | 1 | 0 | _aDomingo no parque |
| 300 | _a[12p.] | ||
| 362 | 0 | _a2007 | |
| 650 | 4 | _aLiteratura infantil | |
| 942 | _cBK | ||
| 999 |
_c72296 _d72296 |
||